[Event "Voronezh Region Senior -ch op"]
[Site "Voronezh"]
[Date "2012.11.27"]
[Round "7.8"]
[White "Timchenko, Alexandr"]
[Black "Smirnov, Vyacheslav"]
[Result "1-0"]
[WhiteElo "1740"]
[BlackElo "1586"]
[PlyCount "71"]
[EventDate "2012.11.20"]
[EventType "swiss"]
[EventRounds "8"]
[EventCountry "RUS"]
[SourceTitle "EXT 2022"]
[Source "ChessBase"]
[SourceDate "2021.10.06"]
[SourceVersion "1"]
[SourceVersionDate "2021.10.06"]
[SourceQuality "1"]

1. e4 c6 2. e5 b6 3. f4 e6 4. Nf3 d5 5. d4 Nd7 6. Bd3 g6 7. b3 Ne7 8. c4 Bb7 9. cxd5 cxd5 10. Na3 a6 11. Nc2 Nc6 12. 0-0 Bg7 13. Ba3 Bf8 14. Bb2 Be7 15. Rc1 Rc8 16. Ne3 0-0 17. Ng4 Kg7 18. a3 h5 19. Nf2 Rh8 20. Nh3 Qf8 21. b4 b5 22. Nhg5 Nb6 23. Nh4 Nd8 24. Bb1 Rxc1 25. Bxc1 Nc4 26. Qd3 Qe8 27. Qg3 Bc8 28. f5 exf5 29. Bxf5 Bxg5 30. Bxg5 Ne6 31. Bf6+ Kh7 32. Bxh8 Kxh8 33. Nxg6+ fxg6 34. Bxg6 Qg8 35. Rf7 Ng7 36. Qg5 1-0

[Event "Voronezh Region Senior -ch op"]
[Site "Voronezh"]
[Date "2012.11.21"]
[Round "2.8"]
[White "Timchenko, Alexandr"]
[Black "Danilov, Yuri"]
[Result "1-0"]
[WhiteElo "1740"]
[BlackElo "1766"]
[PlyCount "71"]
[EventDate "2012.11.20"]
[EventType "swiss"]
[EventRounds "8"]
[EventCountry "RUS"]
[SourceTitle "EXT 2022"]
[Source "ChessBase"]
[SourceDate "2021.10.06"]
[SourceVersion "1"]
[SourceVersionDate "2021.10.06"]
[SourceQuality "1"]

1. e4 e5 2. Nf3 Nf6 3. Nxe5 Qe7 4. d4 d6 5. Nf3 Qxe4+ 6. Be3 Bg4 7. Be2 Nd5 8. Nc3 Nxc3 9. bxc3 Be7 10. h3 Bh5 11. 0-0 Bg6 12. Ne1 f5 13. Bf3 Bh5 14. Bxe4 Bxd1 15. Bxb7 Be2 16. Bxa8 Bxf1 17. Kxf1 c6 18. Rb1 0-0 19. d5 c5 20. Nf3 Bf6 21. c4 Nd7 22. Bc6 Nb6 23. Bf4 Nxc4 24. Nd2 Ne5 25. Bxe5 Bxe5 26. Nc4 h6 27. g3 g5 28. Nxe5 dxe5 29. Rb7 Rf7 30. d6 Rxb7 31. Bxb7 Kf8 32. d7 Ke7 33. Bc6 h5 34. Ke2 g4 35. hxg4 hxg4 36. f3 1-0

[Event "Voronezh Autumn IRT"]
[Site "Voronezh"]
[Date "2012.10.07"]
[Round "7.6"]
[White "Timchenko, Alexandr"]
[Black "Filippov, Vladimir Mikhailovi"]
[Result "0-1"]
[WhiteElo "1703"]
[BlackElo "1950"]
[PlyCount "72"]
[EventDate "2012.10.02"]
[EventType "swiss"]
[EventRounds "9"]
[EventCountry "RUS"]
[SourceTitle "EXT 2022"]
[Source "ChessBase"]
[SourceDate "2021.10.06"]
[SourceVersion "1"]
[SourceVersionDate "2021.10.06"]
[SourceQuality "1"]

1. e4 d6 2. c3 Nf6 3. Nf3 c6 4. e5 dxe5 5. Nxe5 Nbd7 6. f4 g6 7. Be2 Bg7 8. d4 0-0 9. 0-0 c5 10. Be3 Nd5 11. Qc1 Nxe3 12. Qxe3 cxd4 13. Qxd4 Nxe5 14. fxe5 Qc7 15. Qd2 Bxe5 16. h3 Be6 17. Na3 Qc5+ 18. Kh1 Rad8 19. Qe1 Bf6 20. Nc2 Bf5 21. Na3 a6 22. Nc4 b5 23. Nd2 Rd7 24. Nb3 Qb6 25. Qg3 Be6 26. Rae1 a5 27. Nc1 Rfd8 28. b3 Rd2 29. c4 bxc4 30. bxc4 a4 31. Qf4 Qc6 32. Rf3 R8d4 33. Qh6 Qc5 34. Rg3 Bh4 35. Nd3 R2xd3 36. Rxd3 Bxe1 0-1